00000000nam##2200000za#4500
0019.606118
003CaOODSP
00520210624212449
007cr |||||||||||
008150406|1980||||xxc|||||o    f|0| 0 fre|d
022 |a1488-545X
040 |aCaOODSP|bfre
043 |an-cn---
0861 |aFs97-6/945F-PDF
1101 |aCanada. |bMinistère des pêches et des océans.
24513|aLa pêche côtière au hareng en Gaspésie, 1970-1978 / |h[ressource électronique]|cpar R. Grendale et H. Powles.
260 |aQuébec - Québec : |bPêches et Océans Canada |c1980.
300 |a68p.
4901 |aRapport technique canadien des sciences halieutiques et aquatiques|x1488-545X|vN° 945
500 |aSur la couv. : Région du Québec, Québec, Québec. Le n° de catalogue et l'ISSN de l'édition imprimée apparaissent dans cette version électronique.
546 |a(Abstract in English).
590 |a13-23-Supp|b2013-10-08
7201 |aPowles, Howard
7201 |aGrendale, R.
830#0|aRapport technique canadien des sciences halieutiques et aquatiques,|x1488-545X|vN° 945|w(CaOODSP)9.500867
85640|ahttp://publications.gc.ca|qPDF|s2646 KB|uhttps://publications.gc.ca/collections/collection_2013/mpo-dfo/Fs97-6-945-fra.pdf|yN° 945